[Event "Perth op"]
[Site "Perth"]
[Date "2023.01.04"]
[Round "4"]
[White "Brown, Greg"]
[Black "De Jong, Sjef"]
[Result "1-0"]
[WhiteElo "1312"]
[BlackElo "1593"]
[PlyCount "119"]
[EventDate "2023.01.02"]
[EventType "swiss"]
[EventRounds "11"]
[EventCountry "AUS"]
[SourceTitle "CBM 212 Extra"]
[Source "ChessBase"]
[SourceDate "2023.03.31"]
[SourceVersion "1"]
[SourceVersionDate "2023.03.31"]
[SourceQuality "1"]

1. c4 c5 2. g3 Nc6 3. Bg2 Nf6 4. Nc3 d6 5. e3 Rb8 6. Nge2 Bd7 7. d4 cxd4 8. exd4 Bf5 9. 0-0 e6 10. Re1 Qc8 11. d5 Nd8 12. b3 a6 13. Nd4 g6 14. Nxf5 gxf5 15. Bh3 Be7 16. dxe6 fxe6 17. Bg2 b5 18. Qd3 b4 19. Ne2 e5 20. Be3 Qd7 21. Rad1 h5 22. h4 Nf7 23. Bh3 e4 24. Qd2 Ne5 25. Bg2 Nd3 26. Rf1 d5 27. Bf4 Rd8 28. Nc1 dxc4 29. Nxd3 cxd3 30. f3 Nd5 31. fxe4 fxe4 32. Bxe4 Nc3 33. Bg6+ Kf8 34. Be5+ Kg8 35. Bf7+ Kh7 36. Bxc3 Bc5+ 37. Kh2 bxc3 38. Qxc3 Rhf8 39. Qxc5 Rxf7 40. Qxh5+ Kg8 41. Rxf7 Qxf7 42. Qxf7+ Kxf7 43. Kg2 Kf6 44. g4 Ke5 45. Kf3 Kd4 46. g5 Kc3 47. Kg4 Kc2 48. Rh1 d2 49. h5 d1Q+ 50. Rxd1 Rxd1 51. h6 Rd4+ 52. Kf5 Rd5+ 53. Kf6 Rd6+ 54. Kg7 Rd7+ 55. Kg6 Rd6+ 56. Kh5 Rd2 57. h7 Kb2 58. g6 Kxa2 59. Kh6 Rd8 60. g7 1-0

[Event "Perth op"]
[Site "Perth"]
[Date "2023.01.03"]
[Round "2"]
[White "Ho, Lachlan"]
[Black "Brown, Greg"]
[Result "1-0"]
[WhiteElo "1703"]
[BlackElo "1312"]
[PlyCount "113"]
[EventDate "2023.01.02"]
[EventType "swiss"]
[EventRounds "11"]
[EventCountry "AUS"]
[SourceTitle "CBM 212 Extra"]
[Source "ChessBase"]
[SourceDate "2023.03.31"]
[SourceVersion "1"]
[SourceVersionDate "2023.03.31"]
[SourceQuality "1"]

1. e4 c5 2. c3 Nc6 3. d4 cxd4 4. cxd4 d5 5. exd5 Qxd5 6. Nf3 e6 7. Nc3 Qd8 8. Bb5 Bd7 9. 0-0 Nf6 10. Re1 Be7 11. d5 exd5 12. Nxd5 Nxd5 13. Qxd5 0-0 14. Bf4 Bf6 15. Ne5 Bxe5 16. Bxe5 Nxe5 17. Rxe5 Be6 18. Qxb7 Qd4 19. Re2 Bg4 20. Qe4 Qxe4 21. Rxe4 Be6 22. Bc4 Bxc4 23. Rxc4 Rfd8 24. Rac1 Kf8 25. g3 g6 26. Rc7 Rd2 27. Rb7 Re8 28. Rcc7 Re1+ 29. Kg2 Ree2 30. Rxf7+ Kg8 31. a4 Rxb2 32. Rxb2 Rxb2 33. Rxa7 Rb4 34. a5 Ra4 35. a6 Ra2 36. h4 Kh8 37. Kf3 Ra4 38. g4 h6 39. Kg3 Ra3+ 40. Kf4 Ra4+ 41. Ke5 Rxg4 42. Rb7 Rxh4 43. a7 Ra4 44. Rb8+ Kg7 45. a8Q Rxa8 46. Rxa8 h5 47. Kf4 Kh6 48. Ra6 h4 49. Kg4 h3 50. Kxh3 Kg5 51. Kg3 Kf5 52. f4 g5 53. Ra5+ Kg6 54. fxg5 Kg7 55. Kg4 Kg6 56. Ra6+ Kg7 57. Kf5 1-0